Katastrálny zákon a exekučný poriadok - novela

Novela zákona č. 162/1995 Z.z. o katastri nehnuteľností a o zápise vlastníckych a iných práv k nehnuteľnostiam a zákona č. 233/1995 Z.z. o súdnych exekútoroch a exekučnej činnosti zákonom NR SR č. 384/2008 Z.z.

Salvato in:
Dettagli Bibliografici
Autore principale: Čintala, Peter
Natura: Capitolo di libro
Lingua:slovacco
Soggetti:
Tags: Aggiungi Tag
Nessun Tag, puoi essere il primo ad aggiungerne!!

MARC

LEADER 00000naa$a2200000$$$4500
001 0088523
005 20231120082732.0
041 0 |a slo 
044 |a SK 
245 1 0 |a Katastrálny zákon a exekučný poriadok - novela  |c Peter Čintala 
520 |a Novela zákona č. 162/1995 Z.z. o katastri nehnuteľností a o zápise vlastníckych a iných práv k nehnuteľnostiam a zákona č. 233/1995 Z.z. o súdnych exekútoroch a exekučnej činnosti zákonom NR SR č. 384/2008 Z.z. 
610 2 0 |a kataster nehnuteľností 
610 2 0 |a exekúcia 
610 2 0 |a zákony 
610 2 0 |a novelizácia 
610 2 0 |a Slovensko 
100 1 |a Čintala, Peter